000 00478nam a2200193Ia 4500
005 20250508162756.0
008 008 250505s9999 xx 000 0 eng d
020 _a0-19-914-250-5
037 _aTextual
040 _aFEDL
_beng
_cFEDL
041 _aeng
_2eng
084 _a620.8, FIE
_qFEDL
100 _aFieldhouse Jack
_9774025
245 0 _aBiotechnology
260 _c1988
300 _a32p.
942 _cTEXL
_h620.8, FIE
999 _c1378635
_d1378635